Introducción a la estética actual / (Registro nro. 6707)
[ vista simple ]
| 000 -CABECERA | |
|---|---|
| Campo de control interno | 01717nam a2200241Ia 4500 |
| 008 - ELEMENTOS DE LONGITUD FIJA - INFORMACIÓN GENERAL | |
| Campo de control de longitud fija | 260220t1946||||xx |||||||||||||| ||spa|| |
| 040 ## - FUENTE DE CATALOGACIÓN | |
| Agencia de catalogación original | PY-SlUNAC |
| Idioma de catalogación | spa |
| Convenciones de descripción | rda |
| 041 ## - CÓDIGO DE IDIOMA | |
| Código de idioma para texto/pista de sonido o título separado | spa |
| 082 ## - NÚMERO DE CLASIFICACIÓN DECIMAL DEWEY | |
| Clasificación Decimal Dewey (CDD) | 101 |
| Clasificación Expansiva de Cutter (EC) | M597i |
| 100 ## - ASIENTO PRINCIPAL - NOMBRE PERSONAL | |
| Nombre personal | Meumann, E. |
| Rol del autor | Autor |
| 245 #0 - TÍTULO | |
| Título | Introducción a la estética actual / |
| Mención de responsabilidad | por E. Meumann [Autor] |
| 264 ## - PIE DE IMPRENTA | |
| Lugar | Buenos Aires : |
| Editorial | Espasa-Calpe, |
| Año | ℗1946. |
| 300 ## - DESCRIPCIÓN FÍSICA | |
| Páginas | 1 volumen |
| 520 ## - NOTA DE RESUMEN | |
| Nota de resumen | En "Introducción a la estética actual", E. Meumann ofrece un análisis exhaustivo de las corrientes estéticas que han emergido en el contexto del siglo XX, explorando sus fundamentos filosóficos y su impacto en las artes. El autor examina cómo los cambios sociales y culturales han influido en la percepción del arte, destacando la transición desde el arte clásico hacia las vanguardias que desafían las normas establecidas. A través de una metodología crítica, Meumann aborda temas como la subjetividad en la apreciación estética, la relación entre el arte y la realidad, y la función del artista en la sociedad contemporánea. Su enfoque incluye la comparación de diversas teorías estéticas, lo que permite al lector entender las tensiones y diálogos entre diferentes perspectivas, desde el formalismo hasta el expresionismo. Este libro se convierte así en una herramienta fundamental para estudiantes y profesionales interesados en profundizar en las complejidades de la estética moderna y sus implicaciones en la creación artística. |
| 653 ## - MATERIA - TÉRMINO TEMÁTICO NO CONTROLADO (PALABRAS CLAVE) | |
| Materia - término temático no controlado (palabras clave) | Arte |
| 653 ## - MATERIA - TÉRMINO TEMÁTICO NO CONTROLADO (PALABRAS CLAVE) | |
| Materia - término temático no controlado (palabras clave) | Estética |
| 653 ## - MATERIA - TÉRMINO TEMÁTICO NO CONTROLADO (PALABRAS CLAVE) | |
| Materia - término temático no controlado (palabras clave) | Filosofía |
| 942 ## - ELEMENTOS PERSONALIZADOS (KOHA) | |
| Fecha catalogación | 2026/02/17 |
| Tipo de documento | Libros |
| Fuente de Clasificacion | Colección | Ubicacion permanente | Biblioteca actual | Fecha de Ingreso a la Biblioteca | Origen de adquisición | Código de ubicación | Código de barras | Tipo de Item KOHA | Nota pública |
|---|---|---|---|---|---|---|---|---|---|
| Dewey Decimal Classification | Colección General (CG) | Biblioteca e Internet, Facultad de Ciencias Exactas y Naturales | Biblioteca e Internet, Facultad de Ciencias Exactas y Naturales | 02/20/2026 | Donación | 101 M597i | CG67 | Libros | Material disponible en la Biblioteca e Intenet, Campus UNA, San Lorenzo. |


